00975njm a2200241Ia 450000100060000000300090000600500170001500800410003204000130007304000130008610000110009910000180011010000380012824500300016625000110019626000120020726000570021930000170027630000300029350000340032350503170035765000590067482424IT-RoPAU20220918181114.0131025s9999 xx 000 0 und d aIT-RoPAU cIT-RoPAU aAA.VV. eAutore musica gCodice autore musica SPICS: 12000 aColombia y su musica n. 3 a1a ed. aGERMANY bPHILIPSc1991 [1a Ed.:1991 - Ed. Lingua Orig.: 1991] aCOMPACT DISC c58 minuti (Testo: 0 pag.) aMusica strumentale colombiana aPepe - La mecedoraono - Los camarones - Soberbia - Que vivan los novios - La gata golosa - La cachucha bacana - Mis flores negras - Paisaje matinal - La contradanza chocoana - Navidad negra - Las pilanderas - Negrita - Luna roja - El cuchipe - Yo me llamo cumbia - El chambu - La cucharita - Oropel - Diana Maria aSTRUMENTALE [COMPACT DISC]eCodice MATERIA SPICS: 9949